000 00569cas a22001815a 4500
001 L138752
008 070709d1992 hk mr p 0 a0eng u
035 _a(Sirsi) u138752
041 0 _aeng
110 2 _aRoyal Institution of Chartered Surveyors
_bHong Kong Branch
_91269
245 0 0 _aSurveying
260 _aHong Kong
_bRICS
_bHong Kong Institute of Surveyors
_c1992-
362 0 _a1(1) March 1992-5(4) May 1995; 1(6) February 1996
554 _a12 per year
651 4 _aHong Kong
690 _aMANAGEMENT-BUSINESS MANAGEMENT-PROFESSIONAL PRACTICE
942 _n0
999 _c119022
_d119022